[Event "ROM-ch U10"]
[Site "Calimanesti Caciulata"]
[Date "2016.04.23"]
[Round "7"]
[White "Sekeres, Viktor Eduard"]
[Black "Iucu, Mihai"]
[Result "0-1"]
[WhiteElo "1105"]
[BlackElo "1171"]
[PlyCount "114"]
[EventDate "2016.04.18"]
[EventType "swiss"]
[EventRounds "9"]
[EventCountry "ROU"]
[SourceTitle "CBM 172 Extra"]
[Source "ChessBase"]
[SourceDate "2016.06.21"]
[SourceVersion "1"]
[SourceVersionDate "2016.06.21"]
[SourceQuality "1"]

1. e4 d6 2. d4 Nf6 3. Nc3 g6 4. Nf3 Bg7 5. Be2 0-0 6. Be3 c6 7. 0-0 Nbd7 8. Qd2 Qa5 9. Bh6 b5 10. e5 dxe5 11. dxe5 Nd5 12. Bxg7 Kxg7 13. Nxd5 Qxd2 14. Nxd2 cxd5 15. Nf3 a6 16. Rfd1 e6 17. Rd3 Bb7 18. Rc3 Rac8 19. Rxc8 Rxc8 20. Bd3 d4 21. Re1 Bxf3 22. gxf3 Rc5 23. f4 g5 24. fxg5 Nxe5 25. Be4 Ng6 26. Rd1 Nf4 27. h4 h6 28. Kh2 hxg5 29. hxg5 Rxg5 30. Rxd4 Nd5 31. Bxd5 Rxd5 32. Rxd5 exd5 33. Kg3 Kf6 34. f4 Kf5 35. Kf3 f6 36. Ke3 Kg4 37. Kd4 Kxf4 38. Kxd5 f5 39. Kd4 Kg3 40. Ke3 f4+ 41. Ke2 Kg2 42. Ke1 f3 43. b3 f2+ 44. Kd2 f1Q 45. Kc3 Kf3 46. Kb4 Ke4 47. Ka5 Qa1 48. Kxa6 Qxa2+ 49. Kxb5 Qxc2 50. b4 Kd4 51. Ka5 Kc4 52. b5 Kc5 53. Ka6 Qb2 54. Ka7 Qxb5 55. Ka8 Qb1 56. Ka7 Kc6 57. Ka8 Qb7# 0-1

[Event "ROM-ch U10"]
[Site "Calimanesti"]
[Date "2015.04.04"]
[Round "7"]
[White "Iucu, Mihai"]
[Black "Savu, Luca Christian Davi"]
[Result "1-0"]
[WhiteElo "1110"]
[BlackElo "1001"]
[PlyCount "94"]
[EventDate "2015.03.30"]
[EventType "swiss"]
[EventRounds "9"]
[EventCountry "ROU"]
[SourceTitle "CBM 165 Extra"]
[Source "ChessBase"]
[SourceDate "2015.04.21"]
[SourceVersion "1"]
[SourceVersionDate "2015.04.21"]
[SourceQuality "1"]

1. d4 d5 2. Nf3 Nc6 3. e3 Nf6 4. Bd3 e6 5. b3 Bb4+ 6. Nbd2 Bc3 7. Rb1 0-0 8. 0-0 h6 9. Bb2 Bxd2 10. Qxd2 Re8 11. h3 Qe7 12. Rfe1 Nb4 13. Ba3 a5 14. c3 Ne4 15. Bxe4 dxe4 16. Ne5 Rd8 17. cxb4 axb4 18. Bxb4 Qe8 19. a4 f6 20. Nc4 b6 21. Qc3 c5 22. dxc5 bxc5 23. Bxc5 Ba6 24. Nd6 Qd7 25. Nxe4 Rac8 26. Qa5 Qc6 27. f3 f5 28. Nd2 Bd3 29. Rbc1 Ra8 30. Qb6 Qe8 31. a5 Ba6 32. Nc4 Bxc4 33. Rxc4 Rab8 34. Qc7 Rxb3 35. Qe7 Qxe7 36. Bxe7 Ra8 37. Bb4 Rb8 38. Bd6 Ra8 39. Rb4 Rd3 40. Rd4 Rc3 41. Be5 Rxa5 42. Rd8+ Kh7 43. Bxc3 Rc5 44. Bd4 Rc2 45. Rd7 Kh8 46. Rxg7 Rd2 47. Ra7+ Kg8 1-0

[Event "ROM-ch U10"]
[Site "Calimanesti"]
[Date "2015.04.01"]
[Round "3"]
[White "Iucu, Mihai"]
[Black "Veress, Armand"]
[Result "0-1"]
[WhiteElo "1110"]
[BlackElo "1319"]
[PlyCount "22"]
[EventDate "2015.03.30"]
[EventType "swiss"]
[EventRounds "9"]
[EventCountry "ROU"]
[SourceTitle "CBM 165 Extra"]
[Source "ChessBase"]
[SourceDate "2015.04.21"]
[SourceVersion "1"]
[SourceVersionDate "2015.04.21"]
[SourceQuality "1"]

1. b3 d5 2. Bb2 Nf6 3. e3 e6 4. f4 Nc6 5. g4 Ne4 6. g5 h6 7. gxh6 Qh4+ 8. Ke2 Qf2+ 9. Kd3 Nb4+ 10. Kd4 c5+ 11. Ke5 Bd6# 0-1